| 000 | 00524cam a2200181ua 4500 | ||
|---|---|---|---|
| 001 | 11430 | ||
| 005 | 20260515114743.0 | ||
| 008 | 190919n ii |||gr||||Z||||||eng | ||
| 020 | _a9780198835790 | ||
| 040 | _cMAIN | ||
| 082 | _a820.9003 | ||
| 100 |
_aJohn Kerrigan . , _eEditor. |
||
| 245 |
_aOn shakespeare and early modern literature : _bessays / _cEdited by John Kerrigan . |
||
| 260 |
_aNew Delhi: _bOxford University press, _c2001. |
||
| 300 | _a266p. | ||
| 653 | _aEnglish.& Old English literatures | ||
| 942 | _cBK | ||
| 999 |
_c10260 _d10260 |
||